000 00947nam a2200289 a 4500
001 BRCA_5657
005 20190320205153.0
008 220211s1907----enka######---#000-0#eng-#
041 _aeng
044 _aenk
050 4 _aN3450
_b.C35 1907
100 1 _aCalvert, Albert Frederick
_d1872-1946
_914378
245 1 0 _aThe Prado
_bA description of the principal pictures in the Madrid Gallery
_cAlbert Frederick Calvert.
260 _aLondres
_bJ. Lane
_c1907
300 _a149 p.
_bil., 221 láminas
_c20 cm.
440 0 _aThe spanish series
_v9
_911336
500 _aIncluye índice onomástico
500 _aEdición con cantos dorados
500 _aF129
610 2 4 _aMuseo del Prado (Madrid)
_911074
650 1 4 _aPinturas
_vExposiciones
_zMadrid
_911072
650 1 4 _aGalerías y museos
_zEspaña
_97331
651 4 _aMadrid
_xGalerías y museos
_914006
700 1 _aHartley, C. Gasquoine
_ecoaut.
_911337
902 _aGFM
942 _2lcc
_cB
999 _c5350
_d5350